=LDR 00000nam 2200000 4500 =001 INLIS000000000045542 =005 20150204134334.0 =006 =007 =008 =020 ##$$a 978-979-043-254-3 =035 ##$$0010-021500000000102 =040 ##$$a NBPDMAT =082 ##$$a 634.9 =090 ##$$a 634.9 $b Tri l =100 ##$$a Triyani =245 ##$$a Lestari Hutanku Tersenyum Bumiku/ $c penyusun Triyani =250 ##$$a Cet.1 =260 ##$$a Jakarta : $b Perca, $c 2013 =300 ##$$avi, 54 hlm. : $b ilus. ; $c 25 cm. =500 ##$$a Bibliografi : hlm. 45 =850 ##$$a NBPDMAT =990 ##$$a 0001/BPAP-NTB/2015 =990 ##$$a 0001/BPAP-NTB/2015 =990 ##$$a 0001/BPAP-NTB/2016 =990 ##$$a 0001/BPAP-NTB/2016